LEADER 01909nam 2200553Ia 450 001 9910463737603321 005 20200520144314.0 010 $a0-292-74531-1 035 $a(CKB)3170000000060199 035 $a(EBL)3443674 035 $a(SSID)ssj0000886472 035 $a(PQKBManifestationID)11550380 035 $a(PQKBTitleCode)TC0000886472 035 $a(PQKBWorkID)10817535 035 $a(PQKB)10872843 035 $a(MiAaPQ)EBC3443674 035 $a(OCoLC)844923045 035 $a(MdBmJHUP)muse25061 035 $a(Au-PeEL)EBL3443674 035 $a(CaPaEBR)ebr10713626 035 $a(EXLCZ)993170000000060199 100 $a20111102d2013 uy 0 101 0 $aeng 135 $aur|n|---||||| 181 $ctxt 182 $cc 183 $acr 200 10$aPakistan's blasphemy laws$b[electronic resource] $efrom Islamic empires to the Taliban /$fby Shemeem Burney Abbas 205 $aFirst edition. 210 $aAustin, TX $cUniversity of Texas Press$d2013 215 $a1 online resource (222 p.) 300 $aDescription based upon print version of record. 311 $a0-292-74530-3 320 $aIncludes bibliographical references and index. 327 $aPakistan's military state and civil society -- Muhammad, the messenger -- Blasphemy laws' evolution -- Colonial origins, ambiguities, and execution of the blasphemy laws -- Risky knowledge, perilous times : history's martyr Mansur Hallaj -- Blasphemy cultures and Islamic empires. 606 $aBlasphemy$zPakistan 606 $aBlasphemy (Islam) 608 $aElectronic books. 615 0$aBlasphemy 615 0$aBlasphemy (Islam) 676 $a345.54910288 700 $aAbbas$b Shemeem Burney$0901885 801 0$bMiAaPQ 801 1$bMiAaPQ 801 2$bMiAaPQ 906 $aBOOK 912 $a9910463737603321 996 $aPakistan's blasphemy laws$92015881 997 $aUNINA